000 00809nam a2200253 i 4500
001 100411
003 ES-MaACL
005 20230906182653.0
007 t|
008 050928s1931 sp |||| |dspa d
080 _a821.134.2-94"19"
080 _a929 Más, José
100 1 _aMás, José.
_978616
245 1 0 _aEn el país de los bubis :
_bescenas de la vida en Fernando Poo /
_cJosé Más ; con un prólogo de D. Miguel de Unamuno.
250 _a2ª ed.
260 _aMadrid :
_bSaez Huertas,
_c1931.
300 _a236 p. ;
_c19 cm.
600 1 4 _aMás, José.
_978616
650 4 _aBubis (Pueblo africano)-
_xUsos y costumbres.
_910629
651 4 _aFernando Poo-
_xDescripción.
_98652
700 1 _aUnamuno, Miguel de,
_d1864-1936
_9111982
852 4 _aES-MaACL
_jE-904
999 _c100411
_d100411